| 000 | 00998nmm a2200289 a 4500 | ||
|---|---|---|---|
| 001 | ocm000703754 | ||
| 003 | TR-IsHL | ||
| 005 | 20201028141924.0 | ||
| 008 | 131226s2006 tu tur | ||
| 007 | cr cn | ||
| 035 |
_a703754 _b(N$T) |
||
| 050 | 0 | 4 |
_aDR572 _b.S85 2006 |
| 090 | 0 | 4 |
_aDR572 _b.S85 2006 |
| 245 | 1 | 0 |
_aSultan ikinci Abdülhamid Han'ın Hayır Eserleri _h[electronic resource] / _chaz. Ebul Faruk Önal, Sabit Bekçi |
| 260 |
_aİstanbul : _bÇamlıca Basım Yayın, _c2006 |
||
| 300 | _a176 p. | ||
| 650 | 4 | _aTarih | |
| 650 | 4 | _aHistory | |
| 650 | 0 | _aII. Abdülhamid, 1842-1918 | |
| 650 | 0 | _aAbdülhamid II, Sultan of the Turks, 1842-1918 | |
| 650 | 0 |
_aSultans _x Turkey _x Charities |
|
| 650 | 0 |
_aSultanlar _x Türkiye _x Hayır kurumları |
|
| 650 | 7 |
_aARCHITECTURE / Buildings / General _2bisacsh |
|
| 700 | 1 | _aÖnal, Ebul Faruk | |
| 700 | 1 | _aBekçi, Sabit | |
| 856 | 4 | 0 | _uhttp://search.ebscohost.com/login.aspx?direct=true&scope=site&db=e011xww&AN=703754 |
| 999 |
_c8075 _d8075 |
||